Statistics for Best Airports in the World

Click here to take the quiz!

General Stats

  • This quiz has been taken 71 times
  • The average score is 7 of 10

Answer Stats

Rank Country% Correct
8NetherlandsAmsterdam Airport Schiphol
89%
10New ZealandAuckland International Airport
86%
5GermanyMunich Airport
86%
4SwitzerlandZurich Kloten Airport
83%
2Hong KongHong Kong International Airport
80%
7MalaysiaKuala Lumpur International Airport
78%
1Korea, SouthIncheon International Airport
74%
3SingaporeChangi Airport
62%
6JapanKansai International Airport
37%
9JapanCentrair Nagoya
32%

Score Distribution

Percentile by Number Answered

Percent of People with Each Score

Your Score History

You have not taken this quiz